UBT Library

Contemporary business communication / (Record no. 1245)

000 -LEADER
fixed length control field 00480nam a22001697a 4500
008 - FIXED-LENGTH DATA ELEMENTS--GENERAL INFORMATION
fixed length control field 151009b xxu||||| |||| 00| 0 eng d
020 ## - INTERNATIONAL STANDARD BOOK NUMBER
International Standard Book Number 0395607981
041 0# - LANGUAGE CODE
Language code of text/sound track or separate title eng
080 ## - UNIVERSAL DECIMAL CLASSIFICATION NUMBER
Universal Decimal Classification number 658:004
100 1# - Rafti
Rafti Ober, Scot,
245 10 - TITLE STATEMENT
Title Contemporary business communication /
Statement of responsibility, etc Scot Ober.
260 ## -
-- Boston :
-- Houghton Mifflin Company,
-- 1992.
300 ## -
-- xx, 680 f. :
-- me il.;
-- 29 cm.
650 #0 -
-- Komunikim i biznesit
650 #0 -
-- Komunikimi në organizatë
942 ## - ADDED ENTRY ELEMENTS (KOHA)
Source of classification or shelving scheme
Item type Books
Holdings
Withdrawn status Lost status Source of classification or shelving scheme Damaged status Not for loan Collection code Permanent location Current location Shelving location Date acquired Total Checkouts Full call number Barcode Date last seen Price effective from Koha item type
          Koleksioni i përgjithshem UBT - Lipjan UBT - Lipjan Koleksioni i përgjithshem 10/09/2015   658:004 OBE 002-008603 10/09/2015 10/09/2015 Books
          Koleksioni i përgjithshem UBT - Lipjan UBT - Lipjan Koleksioni i përgjithshem 10/31/2017   33 OBE 002-2935544 10/31/2017 10/31/2017 Books
UBT Library © 2015-2024. All rights reserved University Education for Business and Technology